Personnages du Bossu de Notre-Dame - Statistiques

Statistiques générales
  • Ce quiz a été pris 60 fois
  • Le résultat moyen est 5 sur 10
Statistiques - réponses
Catégorie Réponse % Correct
Esméralda
100%
Claude Frollo
92%
Principaux Quasimodo
92%
Phoebus
82%
Secondaires Clopin
50%
Animaux Djali
42%
La Muraille
20%
La Rocaille
12%
La Volière
12%
Achilles
2%
Aucun quiz correspondant
Distribution des résultats
% des personnes avec chaque résultat
Percentile par nombre de réponses
Votre historique - résultats
Vous n’avez pas pris ce quiz